000 004670000a22001810004500
020 _a958-95108-9-2
041 0 _aSPA
082 0 4 _aG 300 G516c
100 1 _aGiraldo, Juan Leonel
245 1 0 _aCentro América entre dos fuegos / Juan Leonel Giraldo
260 _aBogotá, Colombia : Gamma
300 _a361 Pag
001 9189
942 _cBK
999 _c39253
_d39253
336 _atexto
_btxt
_2rdacontent
337 _2rdamedia
_asin mediación
_bn
338 _2rdacarrier
_avolumen
_bnc